| 000 | 00715nam a2200241Ia 4500 | ||
|---|---|---|---|
| 005 | 20260430150117.0 | ||
| 008 | 008 250103s9999 xx 000 0 eng d | ||
| 037 | _aTheses | ||
| 040 | _aCRL | ||
| 040 | _beng | ||
| 040 | _ceng | ||
| 041 | _2eng | ||
| 041 | _aeng | ||
| 084 | _qCRL | ||
| 100 |
_aMittal Rupali Au.; Awasthi Satish Kumar Gu. _91236490 |
||
| 245 | 0 | _aDe Novo Design and Synthesis of Diversified Carbon based and Metal Oxide Materials for Functional Group Transformations in Organic Reactions | |
| 260 | _c2021 | ||
| 300 | _a237p. | ||
| 650 | _aChemistry | ||
| 700 |
_aUniversity of Delhi. Faculty of Science. Deptt. of Chemistry _91236464 |
||
| 942 | _cTH | ||
| 999 |
_c1848972 _d1848972 |
||